| 000 | 00602nam a2200181Ia 4500 | ||
|---|---|---|---|
| 008 | 090124s9999 xx 000 0 und d | ||
| 082 | _b17404 | ||
| 100 | _aमथुरे सुरेश | ||
| 245 | _a विज्ञानाचे वाटाडे | ||
| 250 | _a1 | ||
| 260 |
_bअनिरुद्ध साहित्य _c1980 |
||
| 300 | _a67 | ||
| 600 | _aमथुरे सुरेश | ||
| 630 | _a विज्ञानाचे वाटाडे | ||
| 700 | _aमथुरे सुरेश | ||
| 730 | _a विज्ञानाचे वाटाडे | ||
| 942 | _cBOOK | ||
| 999 |
_c89078 _d89078 |
||